Welding metallurgy: carbon and alloy steels

Saved in:
Bibliographic Details
Main Author: Linnert, George E. (autor)
Format: Book
Language:Spanish
Published: Nueva York American Welding Society 1965
Edition:3a. ed
Series:Welding Technology Series
Subjects:
Tags: Add Tag
No Tags, Be the first to tag this record!

MARC

LEADER 00000nam a2200000 a 4500
001 UCP1994
003 CL-VaPUC
008 990430e19650000US |||||||||||||||||spa|d
082 0 4 |a 671.52  |b LIN  |2 21 
100 |a Linnert, George E.  |e autor  |9 428378 
245 1 0 |a Welding metallurgy: carbon and alloy steels 
250 |a 3a. ed 
300 |a v 
942 |c BK 
945 |d 19990430 00:00:00  |a cmena 
260 |a Nueva York  |b American Welding Society  |c 1965 
500 |a v.1: Fundamentals 
650 0 |a Soldaduras  |9 340447 
650 7 |a TRABAJADO DE METALES  |2 CL-VaPUC  |9 344423 
650 0 |a Procesos industriales  |9 334036 
650 7 |a MAQUINAS PARA SOLDAR  |2 CL-VaPUC  |9 363846 
583 |a last modification  |c 19990430 00:00:00  |k Rodrigo Vera 
490 0 |a Welding Technology Series 
999 |c 280607  |d 280605